|
|
|
|
| LEADER |
00000nam0a2200000 4500 |
| 001 |
155322 |
| 005 |
20231031152307.0 |
| 035 |
|
|
|a (RuTPU)RU\TPU\book\168494
|
| 090 |
|
|
|a 155322
|
| 100 |
|
|
|a 20090312d1969 m y0rusy50 ca
|
| 101 |
0 |
|
|a rus
|
| 102 |
|
|
|a RU
|
| 105 |
|
|
|a ac z 001zb
|
| 200 |
1 |
|
|a Тернистый путь. Жизнь и деятельность русского ученого и литератора М. М. Филиппова
|f Б. М. Филиппов
|
| 205 |
|
|
|a Изд. 2-е , перераб. и доп.
|
| 210 |
|
|
|a Москва
|c Наука
|d 1969
|
| 215 |
|
|
|a 198 с.
|c ил.
|
| 333 |
|
|
|a Исключено из фонда НТБ ТПУ
|
| 700 |
|
1 |
|a Филиппов
|b Б. М.
|
| 801 |
|
1 |
|a RU
|b 63413507
|c 20090312
|g PSBO
|
| 801 |
|
2 |
|a RU
|b 63413507
|c 20220606
|g PSBO
|
| 942 |
|
|
|c BK
|